[Event "Mlada Boleslav Region-ch U14"]
[Site "Mlada Boleslav"]
[Date "2017.06.25"]
[Round "5"]
[White "Krizek, Krystof"]
[Black "Vasilev, Dan"]
[Result "1-0"]
[WhiteElo "1470"]
[BlackElo "1507"]
[PlyCount "59"]
[EventDate "2017.06.24"]
[EventType "swiss"]
[EventRounds "7"]
[EventCountry "CZE"]
[SourceTitle "CBM 179 Extra"]
[Source "ChessBase"]
[SourceDate "2017.08.23"]
[SourceVersion "1"]
[SourceVersionDate "2017.08.23"]
[SourceQuality "1"]

1. e4 Nc6 2. d4 f5 3. exf5 d6 4. Qh5+ Kd7 5. Bc4 Nxd4 6. Be6+ Nxe6 7. fxe6+ Kxe6 8. Nf3 Nf6 9. Qh4 Kf7 10. Qc4+ Be6 11. Ng5+ Ke8 12. Qxe6 Qd7 13. Qxd7+ Nxd7 14. 0-0 e5 15. Ne6 Ke7 16. Nxf8 Rhxf8 17. Nc3 Nc5 18. Be3 Ne6 19. Ne4 h6 20. Nc3 a6 21. Rfd1 b5 22. Ne2 Rf7 23. c4 c5 24. Rd2 Nc7 25. Rad1 Rf6 26. Nc3 Ne8 27. Nd5+ Ke6 28. Nxf6 Kxf6 29. a3 Rd8 30. Bxc5 1-0

[Event "Mlada Boleslav Region-ch U14"]
[Site "Mlada Boleslav"]
[Date "2017.06.24"]
[Round "3"]
[White "Strnadova, Monika"]
[Black "Vasilev, Dan"]
[Result "0-1"]
[WhiteElo "1377"]
[BlackElo "1507"]
[PlyCount "112"]
[EventDate "2017.06.24"]
[EventType "swiss"]
[EventRounds "7"]
[EventCountry "CZE"]
[SourceTitle "CBM 179 Extra"]
[Source "ChessBase"]
[SourceDate "2017.08.23"]
[SourceVersion "1"]
[SourceVersionDate "2017.08.23"]
[SourceQuality "1"]

1. d4 Nf6 2. Bf4 d5 3. e3 e6 4. Nf3 c5 5. c3 Nc6 6. Bb5 a6 7. Bxc6+ bxc6 8. Nbd2 cxd4 9. exd4 c5 10. Qc2 Bd7 11. b3 Qb6 12. Ne5 Bd6 13. Nxd7 Nxd7 14. Bxd6 Qxd6 15. dxc5 Qxc5 16. b4 Qc6 17. Nb3 Rb8 18. Nd4 Qc7 19. 0-0 0-0 20. Rac1 Rfc8 21. Qa4 Qd6 22. Rfd1 Ne5 23. Qa5 Nc4 24. Qa4 Nb2 25. Qc2 Nxd1 26. Qxd1 Qc7 27. Nb3 Qd7 28. Nc5 Qc6 29. g3 g6 30. a4 a5 31. Nd3 Qa6 32. b5 Qd6 33. Nf4 Rc4 34. Ne2 Qc5 35. Qb3 Re4 36. Qc2 Qc4 37. Nd4 Rc8 38. Nc6 Rxc6 39. bxc6 Qxc6 40. Ra1 Rc4 41. Ra3 d4 42. Kf1 Kg7 43. h4 e5 44. Ke1 Rxc3 45. Rxc3 Qxc3+ 46. Qxc3 dxc3 47. Kd1 Kf6 48. Kc2 Kf5 49. Kxc3 Ke4 50. Kd2 Kd4 51. f3 f5 52. Ke2 e4 53. fxe4 fxe4 54. g4 e3 55. g5 Ke4 56. Kf1 Kf3 0-1

[Event "Mlada Boleslav Region-ch U14"]
[Site "Mlada Boleslav"]
[Date "2017.06.24"]
[Round "2"]
[White "Vasilev, Dan"]
[Black "Filip, Stepan"]
[Result "1-0"]
[WhiteElo "1507"]
[BlackElo "1251"]
[PlyCount "81"]
[EventDate "2017.06.24"]
[EventType "swiss"]
[EventRounds "7"]
[EventCountry "CZE"]
[SourceTitle "CBM 179 Extra"]
[Source "ChessBase"]
[SourceDate "2017.08.23"]
[SourceVersion "1"]
[SourceVersionDate "2017.08.23"]
[SourceQuality "1"]

1. d4 d5 2. c4 e6 3. Nc3 Nf6 4. Nf3 h6 5. e3 c5 6. cxd5 Nxd5 7. dxc5 Nxc3 8. Qxd8+ Kxd8 9. bxc3 Bxc5 10. Bc4 Ke7 11. 0-0 Rd8 12. Bb2 b6 13. Bb5 Bb7 14. Ne5 f6 15. Ng6+ Kf7 16. Nf4 e5 17. Bc4+ Ke7 18. Ne6 Rd7 19. Nxg7 Nc6 20. Nf5+ Ke8 21. Nxh6 Na5 22. Bb5 Bc6 23. Bxc6 Nxc6 24. Rad1 Rg7 25. Nf5 Rg5 26. Nd6+ Ke7 27. Ne4 Rg6 28. Nxc5 bxc5 29. g3 Rh8 30. Rd5 Rgh6 31. h4 Rg8 32. Rxc5 Kd7 33. Rd1+ Kc7 34. Ba3 Rxh4 35. Rcd5 Ra4 36. Rd7+ Kb6 37. Rb1+ Ka6 38. Rd6 Rxa3 39. Rxc6+ Ka5 40. Rb7 Ra8 41. Rxf6 1-0

[Event "Mlada Boleslav Region-ch U14"]
[Site "Mlada Boleslav"]
[Date "2017.06.24"]
[Round "4"]
[White "Vasilev, Dan"]
[Black "Popovsky, Ondrej"]
[Result "0-1"]
[WhiteElo "1507"]
[BlackElo "1524"]
[PlyCount "29"]
[EventDate "2017.06.24"]
[EventType "swiss"]
[EventRounds "7"]
[EventCountry "CZE"]
[SourceTitle "CBM 179 Extra"]
[Source "ChessBase"]
[SourceDate "2017.08.23"]
[SourceVersion "1"]
[SourceVersionDate "2017.08.23"]
[SourceQuality "1"]

1. d4 d5 2. c4 e6 3. Nc3 Bb4 4. a3 Bxc3+ 5. bxc3 b6 6. cxd5 exd5 7. e3 Nf6 8. Nf3 0-0 9. c4 dxc4 10. Bxc4 Bb7 11. 0-0 Nc6 12. Qd3 Nh5 13. Ne5 Qd6 14. Ng4 Ne7 15. Bd2 0-1

[Event "Mlada Boleslav Region-ch"]
[Site "Mlada Boleslav"]
[Date "2015.06.20"]
[Round "3"]
[White "Mosovsky, Jakub"]
[Black "Vasilev, Dan"]
[Result "0-1"]
[WhiteElo "1225"]
[BlackElo "1289"]
[PlyCount "112"]
[EventDate "2015.06.20"]
[EventType "swiss"]
[EventRounds "7"]
[EventCountry "CZE"]
[SourceTitle "EXT 2017"]
[Source "ChessBase"]
[SourceDate "2016.10.25"]
[SourceVersion "1"]
[SourceVersionDate "2016.10.25"]
[SourceQuality "1"]

1. e4 d5 2. exd5 Nf6 3. Bc4 Nxd5 4. Bxd5 Qxd5 5. Nc3 Qe5+ 6. Qe2 Qxe2+ 7. Ncxe2 Nc6 8. Nf3 Bg4 9. Nc3 Bxf3 10. gxf3 0-0-0 11. d3 g6 12. Bf4 Nd4 13. 0-0-0 Nxf3 14. Be3 Bg7 15. Bxa7 Bxc3 16. bxc3 b6 17. d4 Kb7 18. Bxb6 Kxb6 19. Rd3 Ng5 20. Re3 e6 21. f4 Ra8 22. Kb2 Kc6 23. fxg5 Rhb8+ 24. Ka1 Ra4 25. Rf3 Rba8 26. Kb1 Rxa2 27. Rff1 Ra1+ 28. Kb2 R8a2+ 29. Kb3 Ra3+ 30. Kb2 R3a2+ 31. Kb3 Ra3+ 32. Kc4 Ra4+ 33. Kd3 R1a2 34. Rxf7 Ra5 35. Rxh7 Rxg5 36. Re7 Kd6 37. Rg7 Rg2 38. Rc1 Rxh2 39. Rxg6 Rh3+ 40. Kc4 Ra3 41. Re1 Rhxc3+ 42. Kb4 Re3 43. Rxe6+ Kxe6 44. Rxe3+ Rxe3 45. c3 Kd5 46. Kb3 c5 47. dxc5 Kxc5 48. Kc2 Kc4 49. Kd2 Rxc3 50. Ke2 Kd4 51. Kd2 Rh3 52. Ke2 Ra3 53. Kd1 Ra2 54. Kc1 Rh2 55. Kd1 Ke3 56. Ke1 Rh1# 0-1